| 000 | 00460nam a2200193Ia 4500 | ||
|---|---|---|---|
| 005 | 20250807112057.0 | ||
| 008 | 008 250516s9999 xx 000 0 hin d | ||
| 020 | _a9789360860905 | ||
| 040 |
_beng _cSDCL |
||
| 041 |
_ahin _2hin |
||
| 084 | _aO142,3M28x R4 | ||
| 100 | _aTolstoy | ||
| 245 | 0 | _aBachpan | |
| 246 | _aबचपन | ||
| 260 |
_aNew Delhi: _bRajkamla Prakashan, _c2024. |
||
| 300 | _a117p. | ||
| 650 | _aHindi | ||
| 942 |
_cTEXL _2CC |
||
| 999 |
_c1430329 _d1430329 |
||